| 000 | 01294nas a2200397 4500 | ||
|---|---|---|---|
| 001 | BR2013005252 | ||
| 003 | BR-BrBNA | ||
| 005 | 20231205122609.0 | ||
| 007 | ta | ||
| 008 | 230509b bl.|||p| |||| 00| 00por d | ||
| 040 |
_aBR-BrBNA _bpor _cBiblioteca Nacional de Agricultura |
||
| 041 | _a(Pt) | ||
| 072 | _aK10; F62 | ||
| 100 | 1 | _aRetslaff, F.A. de S. | |
| 100 | 1 | _aFigueiredo Filho, A. | |
| 100 | 1 | _aDias, A.N. | |
| 100 | 1 | _aBernett, L.G. | |
| 100 | 1 | _aFigura, M.A. | |
| 100 | 1 | _a | |
| 100 | 1 | _a | |
| 100 | 1 | _a | |
| 245 | 1 | _aPrognose do crescimento e da produção em classes de diâmetro para povoamentos desbastados de Eucalyptus grandis no sul do Brasil | |
| 246 | 1 | _aGrowth and yield prognosis in diameter classes for thinning Eucalyptus grandis stands in Brazil south | |
| 650 | _aFLORESTA | ||
| 650 | _aÁRVORE | ||
| 650 | _aEUCALYPTUS GRANDIS | ||
| 650 | _aEUCALIPTO | ||
| 650 | _aCRESCIMENTO | ||
| 650 | _aPRODUÇÃO | ||
| 650 | _aDIÂMETRO | ||
| 650 | _aDENSIDADE DE PLANTIO | ||
| 773 | 0 |
_tRevista Árvore (Brazil) _xISSN 0100-6762 _g(Jul-Aug 2012), v. 36(4) p. 719-732 _wBR2013005252 |
|
| 856 | 4 |
_uhttp://www.scielo.br/pdf/rarv/v36n4/a13v36n4.pdf _yRecurso eletrônico (PDF) |
|
| 909 |
_a202311 _bLúcia _c55 _dLúcia Elande |
||
| 942 |
_2AGRIS _n0 _cANA |
||
| 999 |
_c229493 _d229493 |
||